000 00315nam a22001337a 4500
008 170720b xxu||||| |||| 00| 0 eng d
020 _a9780073523309
041 _aeng
080 _a004
100 _a28
101 _aSHKI
245 _aAN INTRODUCTION TO OBJECT-ORIENTED PROGRAMMING
_cWU, C.TH
942 _2udc
_cBK
999 _c21666
_d21666